Barrios de Buenos Aires (¡Clickeá el correcto!) Quiz Stats

 Plays Quiz not verified by Sporcle

Support Sporcle.
Go Orange.
Score 0/48 Timer 08:00
0 Plays Today
% Correct
Palermo
86.1%
Caballito
83.3%
Puerto Madero
82.9%
La Boca
82.8%
Belgrano
82%
Núñez
81.8%
Retiro
81.2%
Recoleta
81.2%
Flores
81.2%
Saavedra
78%
Villa Riachuelo
77.5%
Coghlan
77.2%
San Telmo
77%
Barracas
76.7%
Parque Chacabuco
75.8%
Almagro
75.8%
Boedo
75.4%
Mataderos
74.4%
Nueva Pompeya
74.4%
Villa Soldati
73.7%
Colegiales
72.9%
Floresta
72.9%
San Nicolás
72.8%
Balvanera
72.6%
% Correct
Monserrat
72.2%
Liniers
72.1%
Villa Lugano
71.8%
Constitución
71.7%
Villa Devoto
70.8%
Parque Patricios
70.3%
Vélez Sársfield
69.1%
Versalles
69%
Parque Avellaneda
68.9%
Villa Urquiza
67.8%
Chacarita
67.6%
La Paternal
67.2%
Parque Chas
67.1%
Villa Real
67%
Agronomía
66.7%
Villa Crespo
66.7%
Villa Santa Rita
64.3%
San Cristóbal
64%
Villa Luro
63%
Villa Pueyrredón
62.4%
Villa Ortúzar
62.1%
Villa del Parque
61.9%
Villa General Mitre
61.3%
Monte Castro
60.2%

You're not logged in!

Compare scores with friends on all Sporcle quizzes.
OR
Log In

From the Vault

NBA Players with 60 Point Games

by GoJets

Scoring 60 points is pretty hard in basketball, but it'd be pretty darn impossible to do by yourself in most sports.
Remove Ads.
Support Sporcle.
Get the best of Sporcle when you Go Orange. This ad-free experience offers more features, more stats, and more fun while also helping to support Sporcle. Thank you for becoming a member.

Show Comments

Extras

Top Quizzes Today


Score Distribution

Your Account Isn't Verified!

In order to create a playlist on Sporcle, you need to verify the email address you used during registration. Go to your Sporcle Settings to finish the process.

Report this User

Report this user for behavior that violates our Community Guidelines.

Details: